The lonely pony / (Record no. 1830)
[ view plain ]
| 000 -LEADER | |
|---|---|
| fixed length control field | 01176nam a22002657a 4500 |
| 005 - DATE AND TIME OF LATEST TRANSACTION | |
| control field | 20250819121454.0 |
| 020 ## - INTERNATIONAL STANDARD BOOK NUMBER | |
| International Standard Book Number | 9781407139685 |
| 040 ## - CATALOGING SOURCE | |
| Original cataloging agency | FISKH |
| Language of cataloging | eng |
| Transcribing agency | FISKH |
| Modifying agency | FISKH |
| 050 ## - LIBRARY OF CONGRESS CALL NUMBER | |
| Classification number | PZ7.J134 |
| 082 ## - DEWEY DECIMAL CLASSIFICATION NUMBER | |
| Classification number | 823.92 |
| 100 ## - MAIN ENTRY--PERSONAL NAME | |
| Personal name | Hawkins, Sarah |
| 245 ## - TITLE STATEMENT | |
| Title | The lonely pony / |
| Statement of responsibility, etc. | By Sarah Hawkins Illustrated by Jon Davis |
| 260 ## - PUBLICATION, DISTRIBUTION, ETC. | |
| Place of publication, distribution, etc. | London : |
| Name of publisher, distributor, etc. | Scholastic, |
| Date of publication, distribution, etc. | 2014 |
| 300 ## - PHYSICAL DESCRIPTION | |
| Extent | 150, 6 unnumberd pages |
| 490 ## - SERIES STATEMENT | |
| Series statement | RSPCA Series |
| Volume/sequential designation | Book 8 |
| 505 ## - FORMATTED CONTENTS NOTE | |
| Formatted contents note | M |
| 520 ## - SUMMARY, ETC. | |
| Summary, etc. | Mia's mother is a groom at an RSPCA centre so she's used to looking after ponies. But when Polly arrives at the centre, underweight and frightened, Mia knows that this pony is going to need a lot of care and attention. At first Polly is too scared to go near humans, but Mia and her mother spend weeks gently nursing her back to health. With Mia's help, Polly will learn to trust again. An exciting, inspiring story based on a real-life animal rescue. With illustrations throughout and lots of facts about ponies and the RSPCA. |
| 521 ## - TARGET AUDIENCE NOTE | |
| Target audience note | 810 <br/> |
| Source | Raz-Plus |
| 521 ## - TARGET AUDIENCE NOTE | |
| Target audience note | M <br/> |
| Source | Raz-Plus |
| 650 ## - SUBJECT ADDED ENTRY--TOPICAL TERM | |
| Source of heading or term | Horses |
| 650 ## - SUBJECT ADDED ENTRY--TOPICAL TERM | |
| Source of heading or term | Animal Rescue |
| 650 ## - SUBJECT ADDED ENTRY--TOPICAL TERM | |
| Source of heading or term | Ponies |
| 942 ## - ADDED ENTRY ELEMENTS (KOHA) | |
| Source of classification or shelving scheme | Dewey Decimal Classification |
| Koha item type | Books |
| Suppress in OPAC | No |
| 999 ## - | |
| -- | 1830 |
| -- | 1830 |
| Withdrawn status | Lost status | Source of classification or shelving scheme | Damaged status | Not for loan | Collection | Home library | Current library | Shelving location | Date acquired | Total Checkouts | Full call number | Barcode | Date last seen | Price effective from | Koha item type | Copy number |
|---|---|---|---|---|---|---|---|---|---|---|---|---|---|---|---|---|
| Dewey Decimal Classification | Fiction | Footprints International School Library Network Toul Kork Campus | Footprints International School Library Network Toul Kork Campus | A TK Campus, 4th Floor, Room B401, Fiction Bookcases (1-6) | 10/04/2023 | HAW 823.92 PZ7.J134 | FISTKG3A074 | 10/04/2023 | 10/04/2023 | Books | ||||||
| Dewey Decimal Classification | Fiction | Footprints International School Library Network Toul Kork Campus | Footprints International School Library Network Toul Kork Campus | A TK Campus, 4th Floor, Room B401, Fiction Bookcases (1-6) | 10/11/2024 | HAW 823.92 PZ7.J134 | 2024-2133 | 10/11/2024 | 10/11/2024 | Books | 2 | |||||
| Dewey Decimal Classification | Fiction | Footprints International School Library Network Toul Tom Poung Campus | Footprints International School Library Network Toul Tom Poung Campus | TTP Secondary Fiction Bookshelves | 08/19/2025 | HAW 823.92 PZ7.J134 | 2025-4141 | 08/19/2025 | 08/19/2025 | Books | 3 |
